[Event "FRA-ch U12 Girls"]
[Site "La Roche sur Yon"]
[Date "2008.04.26"]
[Round "8"]
[White "Lefevre, Lucie"]
[Black "Rigolot, Lucie"]
[Result "0-1"]
[WhiteElo "1540"]
[BlackElo "1723"]
[PlyCount "86"]
[EventDate "2008.04.21"]
[EventType "swiss"]
[EventRounds "9"]
[EventCountry "FRA"]
[SourceTitle "EXT 2010"]
[Source "ChessBase"]
[SourceDate "2010.11.25"]
[SourceVersion "1"]
[SourceVersionDate "2010.11.25"]
[SourceQuality "1"]

1. e4 c5 2. Nc3 a6 3. f4 d6 4. h3 b5 5. a3 Bb7 6. Nf3 Nd7 7. Be2 e6 8. 0-0 b4 9. axb4 cxb4 10. Na2 Bxe4 11. Nxb4 Qb6+ 12. Kh1 Qxb4 13. d3 Bb7 14. b3 Ngf6 15. Bd2 Qb6 16. Ba5 Qc6 17. Qd2 g6 18. Bc3 Bg7 19. Rg1 Rc8 20. Bxf6 Bxf6 21. Rac1 0-0 22. Ne1 Qb6 23. Rf1 Bc3 24. Qd1 Nf6 25. Rb1 Nd5 26. Qc1 Ne3 27. Rg1 Nf5 28. Kh2 Bd4 29. Rf1 Bf2 30. Nf3 Ng3 31. Rd1 Nxe2 32. Qd2 Nc3 33. Rf1 Be3 34. Qe1 Nxb1 35. Qxb1 Bxf4+ 36. Kh1 Bxf3 37. Rxf3 Be5 38. Rf1 Rc3 39. Rc1 Rfc8 40. Qa2 Qc6 41. Kg1 Rxc2 42. Rxc2 Qxc2 43. Qxc2 Rxc2 0-1

[Event "FRA-ch U12 Girls"]
[Site "La Roche sur Yon"]
[Date "2008.04.24"]
[Round "6"]
[White "Lefevre, Lucie"]
[Black "Pouillart, Cecile"]
[Result "1-0"]
[WhiteElo "1540"]
[BlackElo "1640"]
[PlyCount "135"]
[EventDate "2008.04.21"]
[EventType "swiss"]
[EventRounds "9"]
[EventCountry "FRA"]
[SourceTitle "EXT 2010"]
[Source "ChessBase"]
[SourceDate "2010.11.25"]
[SourceVersion "1"]
[SourceVersionDate "2010.11.25"]
[SourceQuality "1"]

1. e4 e5 2. Nf3 Nc6 3. Bb5 a6 4. Ba4 d6 5. c3 Bd7 6. 0-0 Nf6 7. Re1 Be7 8. d4 exd4 9. cxd4 d5 10. e5 Ne4 11. Bc2 0-0 12. Bxe4 dxe4 13. Rxe4 Be6 14. Nc3 Bd5 15. Nxd5 Qxd5 16. Re3 Bc5 17. Rd3 Rad8 18. Be3 Rfe8 19. Ne1 Nxd4 20. Bxd4 Bxd4 21. Rc1 c5 22. b3 b5 23. Kf1 Qxe5 24. Nf3 Qf6 25. b4 Bb2 26. Rxc5 Rxd3 27. Qxd3 Qe6 28. Rc2 Bf6 29. Re2 Qxe2+ 30. Qxe2 Rxe2 31. Kxe2 Bc3 32. a3 Bb2 33. Ne1 Be5 34. h3 Bd6 35. Kd3 Kf8 36. Kd4 Ke7 37. Kd5 Kd7 38. f3 Kc7 39. Nc2 Be7 40. Nd4 Kb6 41. g4 Bf6 42. f4 Kc7 43. g5 Bxd4 44. Kxd4 Kd6 45. Ke4 Ke6 46. f5+ Kd6 47. Kd4 g6 48. f6 Kc6 49. Ke5 Kd7 50. Kd5 Kc7 51. Kc5 Kd7 52. Kb6 Ke6 53. Kxa6 Kf5 54. Kxb5 Kxg5 55. a4 Kxf6 56. a5 Kg5 57. a6 f5 58. a7 f4 59. a8Q Kh4 60. Qg2 h5 61. Qxg6 f3 62. Qg1 Kxh3 63. Qf2 Kg4 64. Kc4 h4 65. Kd3 h3 66. Ke3 Kg5 67. Kxf3 h2 68. Qxh2 1-0